Les personnages d'Hyrule Warriors DE - Statistiques

Statistiques générales
  • Ce quiz a été pris 73 fois
  • Le résultat moyen est 21 sur 29
Statistiques - réponses
Personnage % Correct
Link
100%
Link (Cartoon)
100%
Link (Enfant)
100%
Zelda
96%
Zelda (Cartoon)
96%
Impa
92%
Ganondorf
88%
Sheik
82%
Midona (forme maudite)
80%
Midona (vraie forme)
80%
Ruto
76%
Cya
74%
Darunia
74%
Ghirahim
74%
Lana
72%
Machaon
68%
Tétra
68%
Volga
68%
Xanto
68%
Fay
66%
Iscerro
62%
Marine
62%
Roi D'Hyrule
60%
Linkle
58%
Skull Kid
58%
Lavio
56%
Yuga
48%
Tingle
42%
Médolie
34%
Aucun quiz correspondant
Distribution des résultats
% des personnes avec chaque résultat
Percentile par nombre de réponses
Votre historique - résultats
Vous n’avez pas pris ce quiz